| 000 -LEADER |
| fixed length control field |
00609cam a22001577a 4500 |
| 008 - FIXED-LENGTH DATA ELEMENTS--GENERAL INFORMATION |
| fixed length control field |
180718b2008 xxu||||| |||| 00| 0 eng d |
| 082 ## - DEWEY DECIMAL CLASSIFICATION NUMBER |
| Classification number |
APPPA 2007-08/AGG |
| 100 ## - MAIN ENTRY--PERSONAL NAME |
| Personal name |
Aggarwal, Vinita |
| 245 ## - TITLE STATEMENT |
| Title |
Changes in access to and availability of skills in the manufacturing sector in India in the post reform period |
| Statement of responsibility, etc. |
by Vinita Aggarwal |
| 260 ## - PUBLICATION, DISTRIBUTION, ETC. |
| Place of publication, distribution, etc. |
New Delhi |
| Name of publisher, distributor, etc. |
Indian Institute of Public Administation |
| Date of publication, distribution, etc. |
2008 |
| 300 ## - PHYSICAL DESCRIPTION |
| Extent |
115p. |
| 500 ## - GENERAL NOTE |
| General note |
An APPPA M.Phil dissertation, 2007-08 (Guide: S.K. Bhattacharya) |
| 650 ## - SUBJECT ADDED ENTRY--TOPICAL TERM |
| Topical term or geographic name entry element |
Manufactures - india |
| 650 ## - SUBJECT ADDED ENTRY--TOPICAL TERM |
| Topical term or geographic name entry element |
Skilled labour - India |
| 650 ## - SUBJECT ADDED ENTRY--TOPICAL TERM |
| Topical term or geographic name entry element |
Industry - India |